<?xml version="1.0" encoding="UTF-8"?>
<record
    xmlns:xsi="http://www.w3.org/2001/XMLSchema-instance"
    xsi:schemaLocation="http://www.loc.gov/MARC21/slim http://www.loc.gov/standards/marcxml/schema/MARC21slim.xsd"
    xmlns="http://www.loc.gov/MARC21/slim">

  <leader>01229cam a22002651  4500</leader>
  <controlfield tag="001">gs 11000246 </controlfield>
  <controlfield tag="003">DLC</controlfield>
  <controlfield tag="005">20260227111311.0</controlfield>
  <controlfield tag="008">870304s1909    mx abf        000 0 spa c</controlfield>
  <datafield tag="010" ind1=" " ind2=" ">
    <subfield code="a">gs 11000246 </subfield>
  </datafield>
  <datafield tag="035" ind1=" " ind2=" ">
    <subfield code="a">(OCoLC)15268792</subfield>
  </datafield>
  <datafield tag="040" ind1=" " ind2=" ">
    <subfield code="a">U.S. Geol. survey. Library</subfield>
    <subfield code="c">TxDaM</subfield>
    <subfield code="d">OCoLC</subfield>
    <subfield code="d">DLC</subfield>
  </datafield>
  <datafield tag="042" ind1=" " ind2=" ">
    <subfield code="a">premarc</subfield>
  </datafield>
  <datafield tag="050" ind1="0" ind2="0">
    <subfield code="a">QE201</subfield>
    <subfield code="b">.A3 t. 2, n&#xFA;m 9</subfield>
  </datafield>
  <datafield tag="100" ind1="1" ind2=" ">
    <subfield code="a">Villarello, Juan D.,</subfield>
    <subfield code="d">1869-</subfield>
  </datafield>
  <datafield tag="245" ind1="1" ind2="0">
    <subfield code="a">Hidrolog&#xED;a subterr&#xE1;nea de los alrededores de P&#xE1;tzcuaro, Michoac&#xE1;n,</subfield>
    <subfield code="c">por el ingeniero de minas Juan D. Villarello.</subfield>
  </datafield>
  <datafield tag="260" ind1=" " ind2=" ">
    <subfield code="a">M&#xE9;xico,</subfield>
    <subfield code="b">Imprenta y fototipia de la Secretar&#xED;a de fomento,</subfield>
    <subfield code="c">1909.</subfield>
  </datafield>
  <datafield tag="300" ind1=" " ind2=" ">
    <subfield code="a">2 p. l., [343]-384 p., 1 l.,</subfield>
    <subfield code="b">illus., pl. LIX-LXII (incl. 2 fold. maps)</subfield>
    <subfield code="c">23 cm.</subfield>
  </datafield>
  <datafield tag="490" ind1="0" ind2=" ">
    <subfield code="a">M&#xE9;xico. Instituto geol&#xF3;gico. Parergones.</subfield>
    <subfield code="v">t. II, n&#xFA;m. 9</subfield>
  </datafield>
  <datafield tag="500" ind1=" " ind2=" ">
    <subfield code="a">At head of title: Instituto geol&#xF3;gico de M&#xE9;xico ...</subfield>
  </datafield>
  <datafield tag="500" ind1=" " ind2=" ">
    <subfield code="a">Map on plate LXI accompanied by transparent leaf with outline drawing.</subfield>
  </datafield>
  <datafield tag="500" ind1=" " ind2=" ">
    <subfield code="a">"El hundimiento del cerro de Sartenejas en los alrededores de Tetecala, estado de Morelos, por el ingeniero de minas Teodoro Flores": p. [363]-384.</subfield>
  </datafield>
  <datafield tag="650" ind1=" " ind2="0">
    <subfield code="a">Groundwater</subfield>
    <subfield code="z">Mexico</subfield>
    <subfield code="z">Michoac&#xE1;n de Ocampo.</subfield>
  </datafield>
  <datafield tag="700" ind1="1" ind2=" ">
    <subfield code="a">Flores, Teodoro</subfield>
    <subfield code="c">(Mining engineer)</subfield>
  </datafield>
  <datafield tag="999" ind1=" " ind2=" ">
    <subfield code="c">25018</subfield>
    <subfield code="d">25018</subfield>
  </datafield>
</record>
